<?xml version="1.0" encoding="UTF-8"?>
<record
    xmlns:xsi="http://www.w3.org/2001/XMLSchema-instance"
    xsi:schemaLocation="http://www.loc.gov/MARC21/slim http://www.loc.gov/standards/marcxml/schema/MARC21slim.xsd"
    xmlns="http://www.loc.gov/MARC21/slim">

  <leader>00440    a2200157   4500</leader>
  <controlfield tag="005">20251127142642.0</controlfield>
  <controlfield tag="008">251127b        |||||||| |||| 00| 0 eng d</controlfield>
  <datafield tag="020" ind1=" " ind2=" ">
    <subfield code="a">9781493944286</subfield>
  </datafield>
  <datafield tag="041" ind1=" " ind2=" ">
    <subfield code="a">English</subfield>
  </datafield>
  <datafield tag="100" ind1=" " ind2=" ">
    <subfield code="a">Jim&#xE9;nez M.</subfield>
    <subfield code="9">215122</subfield>
  </datafield>
  <datafield tag="245" ind1=" " ind2=" ">
    <subfield code="a"> Introduction To Embedded Systems</subfield>
    <subfield code="b">: Using Microcontrollers And The MSP430</subfield>
  </datafield>
  <datafield tag="260" ind1=" " ind2=" ">
    <subfield code="b">Springer</subfield>
    <subfield code="c">2014</subfield>
  </datafield>
  <datafield tag="300" ind1=" " ind2=" ">
    <subfield code="a">648</subfield>
  </datafield>
  <datafield tag="700" ind1=" " ind2=" ">
    <subfield code="a">Paloera R.</subfield>
    <subfield code="a">Couvertier I.</subfield>
    <subfield code="9">215555</subfield>
  </datafield>
  <datafield tag="942" ind1=" " ind2=" ">
    <subfield code="c">BK</subfield>
  </datafield>
  <datafield tag="999" ind1=" " ind2=" ">
    <subfield code="c">369117</subfield>
    <subfield code="d">369117</subfield>
  </datafield>
  <datafield tag="952" ind1=" " ind2=" ">
    <subfield code="0">0</subfield>
    <subfield code="1">0</subfield>
    <subfield code="2">ddc</subfield>
    <subfield code="3">1799 E (69833)</subfield>
    <subfield code="4">0</subfield>
    <subfield code="7">3</subfield>
    <subfield code="a">CCEP</subfield>
    <subfield code="b">CCEP</subfield>
    <subfield code="d">2025-11-20</subfield>
    <subfield code="e">87</subfield>
    <subfield code="g">5809.27</subfield>
    <subfield code="l">0</subfield>
    <subfield code="o">004.165 JIM</subfield>
    <subfield code="p">CCEP-BK-69833</subfield>
    <subfield code="r">2025-11-20 00:00:00</subfield>
    <subfield code="v">8298.96</subfield>
    <subfield code="w">2025-11-20</subfield>
    <subfield code="y">BK</subfield>
  </datafield>
</record>
